Online
Catalog

La ciencia de la educación : (Record no. 24911)

MARC details
000 -CABECERA
campo de control de longitud fija 00832nam a2200229 a 4500
001 - NÚMERO DE CONTROL
campo de control 000025419
005 - FECHA Y HORA DE LA ÚLTIMA TRANSACCIÓN
campo de control 20250509170321.0
008 - DATOS DE LONGITUD FIJA--INFORMACIÓN GENERAL
campo de control de longitud fija 110215s1981 sp a 000 0 spa d
020 ## - NÚMERO INTERNACIONAL ESTÁNDAR DEL LIBRO
Número Internacional Estándar del Libro 8432993220
040 ## - FUENTE DE LA CATALOGACIÓN
Centro catalogador/agencia de origen DO-SdBNP
Lengua de catalogación spa
Centro/agencia transcriptor BNPHU
041 17 - CÓDIGO DE LENGUA
Código de lengua del texto/banda sonora o título independiente spa
Código de lengua original alm
082 ## - NÚMERO DE LA CLASIFICACIÓN DECIMAL DEWEY
Número de clasificación 370.1
Número de documento/Ítem V945c
100 1# - ENTRADA PRINCIPAL--NOMBRE DE PERSONA
Nombre de persona Von Cube, Félix
9 (RLIN) 52023
245 10 - MENCIÓN DE TÍTULO
Título La ciencia de la educación :
Resto del título posibilidades. Límites. Abuso político /
Mención de responsabilidad, etc. Félix Von Cube ; traducción María del Carmen Vicencio.
260 ## - PUBLICACIÓN, DISTRIBUCIÓN, ETC.
Lugar de publicación, distribución, etc. Barcelona, España :
Nombre del editor, distribuidor, etc. CEAC,
Fecha de publicación, distribución, etc. 1981.
300 ## - DESCRIPCIÓN FÍSICA
Extensión 192 p. :
Otras características físicas il. ;
Dimensiones 21 cm.
534 ## - NOTA SOBRE LA VERSIÓN ORIGINAL
Encabezamiento principal del original Título original:
Mención de título del original Erziehungswissenschaft
504 ## - NOTA DE BIBLIOGRAFÍA, ETC.
Nota de bibliografía, etc. Bibliografía : p. 185-190
500 ## - NOTA GENERAL
Nota general Incluye referencias bibliográficas y notas al pie de las páginas
650 #0 - PUNTO DE ACCESO ADICIONAL DE MATERIA--TÉRMINO DE MATERIA
Término de materia o nombre geográfico como elemento de entrada Educación
9 (RLIN) 51588
700 1# - PUNTO DE ACCESO ADICIONAL--NOMBRE DE PERSONA
Nombre de persona Vicencio, María del Carmen,
Término indicativo de función/relación tr.
9 (RLIN) 52024
Holdings
Estado de retiro Estado de pérdida Restricciones de uso No para préstamo Código de colección Localización permanente Ubicación/localización actual Ubicación en estantería Fecha de adquisición Número de inventario Total de préstamos Signatura topográfica completa Código de barras Fecha visto por última vez Precio válido a partir de Tipo de ítem Koha Número de copia
      Excluido de préstamo Monografías: Libros y Folletos General General Depósito 15.02.2011 LF1   370.1 V945c 25419-10 25.06.2020 25.06.2020 No se presta  
  Extraviado   Excluido de préstamo Monografías: Libros y Folletos General General Extraviado 15.02.2011 LF1   370.1 V945c 25419-20 25.06.2020 25.06.2020 No se presta e. 2
  Extraviado     Monografías: Libros y Folletos General General Extraviado 02.06.2017 LF1   370.1 V945c 25419-30 25.06.2020 25.06.2020 Préstamo en sala e. 3
  Extraviado     Monografías: Libros y Folletos General General Extraviado 02.06.2017 LF1   370.1 V945c 25419-40 25.06.2020 25.06.2020 Préstamo en sala e. 4

Powered by Koha